Nawadrat e Allama Iqbal (Record no. 617469)

000 -LEADER
fixed length control field 00450nam a22001697a 4500
003 - CONTROL NUMBER IDENTIFIER
control field NUST
005 - DATE AND TIME OF LATEST TRANSACTION
control field 20260514152026.0
008 - FIXED-LENGTH DATA ELEMENTS--GENERAL INFORMATION
fixed length control field 260514b ||||| |||| 00| 0 eng d
041 ## - LANGUAGE CODE
Language code of text/sound track or separate title Urdu.
082 ## - DEWEY DECIMAL CLASSIFICATION NUMBER
Classification number 891.4391
Author Mark SHA
100 ## - MAIN ENTRY--PERSONAL NAME
Personal name Dr Nadeem Shafiq Malik
9 (RLIN) 1666
245 ## - TITLE STATEMENT
Title Nawadrat e Allama Iqbal
Statement of responsibility, etc. Dr Nadeem Shafiq Malik.
260 ## - PUBLICATION, DISTRIBUTION, ETC.
Place of publication, distribution, etc. Pakistan:
Name of publisher, distributor, etc. Fiction House,
Date of publication, distribution, etc. 2015.
300 ## - PHYSICAL DESCRIPTION
Extent 336 p ;
Dimensions 28.9 cm
563 ## - BINDING INFORMATION
Binding note Hardcover
942 ## - ADDED ENTRY ELEMENTS (KOHA)
Source of classification or shelving scheme
Koha item type Book
Holdings
Withdrawn status Lost status Source of classification or shelving scheme Damaged status Not for loan Permanent Location Current Location Date acquired Total Checkouts Full call number Barcode Date last seen Price effective from Koha item type
          Institute of Geographical Information Systems (IGIS) Institute of Geographical Information Systems (IGIS) 05/14/2026   891.4391 SHA IGIS-1089 05/14/2026 05/14/2026 Book
          Institute of Geographical Information Systems (IGIS) Institute of Geographical Information Systems (IGIS) 05/14/2026   891.4391 SHA IGIS-1090 05/14/2026 05/14/2026 Book
© 2023 Central Library, National University of Sciences and Technology. All Rights Reserved.